Statistics for Places Named After Queen Victoria

Click here to take the quiz!

General Stats

  • This quiz has been taken 60 times
  • The average score is 8 of 13

Answer Stats

HintPlace% Correct
Two Australian statesVictoria
100%
Two Australian statesQueensland
91%
Largest lake of AfricaLake Victoria
89%
Waterfall on the Zambezi RiverVictoria Falls
84%
The capital of SaskatchewanRegina
64%
Canada's second largest islandVictoria Island
64%
Victoria is the capital of this
Canadian state
British Columbia
62%
Mountain in western CanadaMount Victoria
45%
Victoria is the capital of this
island country
Seychelles
45%
Large Australian desert{Great} {Victoria} Desert
40%
Victoria is the capital of this
former British urban colony
Hong Kong
38%
Victoria is the capital of this
island of Malta
Gozo
29%
Park in TorontoQueen's Park
29%

Score Distribution

Percentile by Number Answered

Percent of People with Each Score

Your Score History

You have not taken this quiz